banner koha

Comparacao dos meios Reed Orr, lactopep e neill, na manutencao in vitro de Tritrichomonas foetus e Campylobacter fetus semeados isolados ou conjugados (Registro n. 163782)

MARC details
000 -LÍDER
campo de controle de tamanho fixo 00974nas a2200301 4500
001 - NÚMERO DE CONTROLE
campo de controle BR0000904
003 - IDENTIFICADOR DO NÚMERO DE CONTROLE
campo de controle BR-BrBNA
005 - DATA E HORÁRIO DA ÚLTIMA TRANSAÇÃO
campo de controle 20231205101753.0
007 - CAMPO FIXO DE DESCRIÇÃO FÍSICA--INFORMAÇÃO GERAL
campo de controle de tamanho fixo ta
008 - CAMPO DE DADOS FIXOS--INFORMAÇÃO GERAL
campo de controle de tamanho fixo 230509b bl.|||p| |||| 00| 00por d
040 ## - FONTE DA CATALOGAÇÃO
Instituição da catalogação original BR-BrBNA
Idioma da catalogação por
Instituição que transcreveu o registro Biblioteca Nacional de Agricultura
041 ## - CÓDIGO DE IDIOMA
Código do idioma do texto/trilha sonora ou título diferente (Pt)
072 ## - CÓDIGO DE CATEGORIA DE ASSUNTO
Código de Categoria de Assunto L73
100 1# - ENTRADA PRINCIPAL--NOME PESSOAL
Nome pessoal Albuquerque, F.T.
100 1# - ENTRADA PRINCIPAL--NOME PESSOAL
Nome pessoal Fontelles, A.L.B.
100 1# - ENTRADA PRINCIPAL--NOME PESSOAL
Nome pessoal Jesus, V.L.T.
100 1# - ENTRADA PRINCIPAL--NOME PESSOAL
Nome pessoal Andrade, V.L.B.
100 1# - ENTRADA PRINCIPAL--NOME PESSOAL
Nome pessoal Resende, O.A.
100 1# - ENTRADA PRINCIPAL--NOME PESSOAL
Nome pessoal Pereira, E.B.
245 1# - TÍTULO
Título Comparacao dos meios Reed <br/> Orr, lactopep e neill, na manutencao in vitro de Tritrichomonas foetus e Campylobacter fetus semeados isolados ou conjugados
650 ## - ASSUNTO--TERMO TÓPICO
Cabeçalho tópico ou nome geográfico Bovino
650 ## - ASSUNTO--TERMO TÓPICO
Cabeçalho tópico ou nome geográfico Tricomonose
650 ## - ASSUNTO--TERMO TÓPICO
Cabeçalho tópico ou nome geográfico Protozoario
650 ## - ASSUNTO--TERMO TÓPICO
Cabeçalho tópico ou nome geográfico Doenca Animal
773 0# - ENTRADA ANALÍTICA
Título Revista Brasileira de Reproducao Animal (Brazil)
ISSN - International Standard Serial Number ISSN 0102-0803
Partes relacionadas (Jul-Sep 1999), v. 23(3) p. 431-433
Número de controle do registro BR0000904
909 ## -
-- 202311
-- Lúcia
-- 55
-- Lúcia Elande
942 ## - ELEMENTOS DE ENTRADA ADICIONADOS (KOHA)
Fonte da classificação ou esquema de arquivamento na estante Classificação AGRIS
Ocultar no OPAC Não
Tipo de material Koha Analítica
Exemplares
Situação do descarte Fonte da classificação ou esquema de arquivamento na estante Situação física Não pode ser emprestado Biblioteca de origem Biblioteca atual Localização na estante Enumeração do periódico / cronologia Total de empréstimos Data de último acesso Número do exemplar Tipo de material Koha Fonte de aquisição
  Classificação AGRIS   Consulta local Biblioteca Nacional de Agricultura - Binagri Biblioteca Nacional de Agricultura - Binagri   (Jul-Sep 1999), v. 23(3) p. 431-433   29/11/2023 01 Periódicos Portaria Interministerial nº 164/94

BINAGRI

Telefone: (61)3218-2567/2388/3357/2097 - binagri@agro.gov.br

Ministério da Agricultura e Pecuária , Esplanada dos Ministérios, Bloco D, Anexo B, Brasília/DF, CEP: 70.043-900